| 000 | 02086nam a2200433 a 4500 | ||
|---|---|---|---|
| 999 |
_c475160 _d475160 |
||
| 003 | BLK | ||
| 005 | 20250531110409.0 | ||
| 008 | 180411b bul|||||r ||||||| ||bul|| | ||
| 020 | _a9786192401399 | ||
| 040 | _aBLK | ||
| 041 |
_aBUL _cBUL |
||
| 080 |
_aНаука. Наукознание. Организация на умствения труд _b001 _z001 |
||
| 080 |
_aЦивилизация. Култура. Прогрес. История на културата вж 930.85 _b008 _z008 |
||
| 080 |
_aИзобретения и открития. Изобретателство. Рационализации. Патенти. Промишлени образци. Вж и 347.77 _b001.894 _z001.894 |
||
| 100 |
_9481485 _aОливиери, Джакопо _eпърви автор |
||
| 139 |
_aОливиери, Джакопо и др. _bО 50 |
||
| 245 | 1 | 0 |
_a20 невероятни момчета, които промениха света _cДжакопо Оливиери, Розалба Трояно ; ил. Джовани Абей и др. ; прев. Корнелия Лозанова. |
| 257 | _aITA | ||
| 260 |
_aСофия _bПАН _c[2022] _9209558 _n978-954-660- ; 978-954-657- |
||
| 300 |
_a88 с. _bс ил. _c27 см |
||
| 380 | _aDN | ||
| 490 |
_9481444 _aУдивителни истории |
||
| 650 | 0 |
_aНаучни открития - история _9244174 |
|
| 650 | 0 |
_aИзобретения - история _9244564 |
|
| 653 | _aнови технологии | ||
| 653 | 7 |
_aизобретения _9187398 |
|
| 653 | 7 |
_aнаука _9191821 |
|
| 653 | 7 |
_aкултура _9189538 |
|
| 653 | 7 |
_aоткриватели _9193086 |
|
| 653 | 7 |
_aучени _9199120 |
|
| 653 | 7 |
_aизследователи _9187419 |
|
| 653 | 7 |
_aспортисти _9197151 |
|
| 653 | 7 |
_aмъже _9186584 |
|
| 700 |
_aТрояно, Розалба _eсъавт. _91445 |
||
| 700 |
_aЛозанова, Корнелия Иванова _9367357 |
||
| 852 |
_bД _c0/О-50 Д |
||
| 942 |
_cKNG _n0 _s1 _017 |
||
| 944 |
_aCR _c2022-10-06 _k30564 _lАнна Гръцманова |
||